000 00494nam a2200169Ia 4500
008 090201s9999 xx 000 0 und d
010 _aKPL-24659
040 _bमराठी
041 _aमराठी
082 _a45134
_b24659
100 _aह वि दातार
245 _aप्रलयकाळ
_cह वि दातार
260 _c2005
_bसुरस प्रकाशन
300 _a132
_bमोठा
600 _aप्रलयकाळ
942 _cBOOK
999 _c242090
_d242090